Finanzas corporativas
Uloženo v:
| Hlavní autoři: | , |
|---|---|
| Médium: | Kniha |
| Jazyk: | španělština |
| Vydáno: |
Ciudad de México
Pearson Educación
2008
|
| Vydání: | 1a. ed |
| Témata: | |
| Tagy: |
Přidat tag
Žádné tagy, Buďte první, kdo vytvoří štítek k tomuto záznamu!
|
MARC
| LEADER | 00000cam a2200000 a 4500 | ||
|---|---|---|---|
| 001 | UCI8400 | ||
| 003 | CL-VaPUC | ||
| 005 | 20231128151916.0 | ||
| 008 | 080904e20080000MX |||||||||||||||||spa|d | ||
| 999 | |c 331309 |d 331307 | ||
| 020 | |a 9789702610847 | ||
| 040 | |c Pontificia Universidad Católica de Valparaíso | ||
| 082 | 0 | 4 | |a 658.151 |b BER |2 21 |
| 100 | 0 | |a Berk, Jonathan |e author |9 531879 | |
| 245 | 1 | 0 | |a Finanzas corporativas |
| 250 | |a 1a. ed | ||
| 260 | |a Ciudad de México |b Pearson Educación |c 2008 | ||
| 300 | |a 988 p | ||
| 583 | |a last modification |c 20140904 02:12:53 |k Rodrigo Vera | ||
| 650 | 0 | |a Análisis financiero |9 264523 | |
| 650 | 0 | |a Inversiones |9 261520 | |
| 650 | 0 | |a Capital |9 263726 | |
| 650 | 0 | |a Mercado de capitales |9 330596 | |
| 650 | 7 | |a INSTITUCIONES FINANCIERAS |2 CL-VaPUC |9 257940 | |
| 650 | 0 | |a Empresas |9 255569 | |
| 650 | 0 | |a Acciones |9 334173 | |
| 650 | 0 | |a Planificación financiera |9 334413 | |
| 650 | 7 | |a FUSIONES DE EMPRESAS |2 CL-VaPUC |9 409163 | |
| 700 | 0 | |a DeMarzo, Peter |e author |9 531880 | |
| 852 | |a BIBCUR | ||
| 942 | |c BK |2 ddc | ||
| 945 | |d 20080904 00:00:00 |a rbrito | ||
| 952 | |0 0 |1 0 |4 0 |6 658_151000000000000_BER_2008 |7 0 |8 A |9 417703 |a BIBENE |b BIBENE |d 2019-11-22 |i 4476239 |o 658.151 BER 2008 |p 4476239 |r 2025-01-15 |w 2019-11-22 |y BK |k ICO | ||
| 952 | |0 0 |1 0 |4 0 |6 658_151000000000000_BER_2008 |7 0 |8 A |9 417704 |a BIBGIM |b BIBGIM |d 2019-11-22 |i 4503511 |l 4 |m 2 |o 658.151 BER 2008 |p 4503511 |r 2025-01-15 |s 2024-05-13 |w 2019-11-22 |y BK |k COM | ||
| 952 | |0 0 |1 0 |4 0 |6 658_151000000000000_BER_2008 |7 0 |8 A |9 417705 |a BIBING |b BIBING |d 2019-11-22 |i 4709306 |o 658.151 BER 2008 |p 4709306 |r 2025-01-20 |w 2019-11-22 |y BK |k EII | ||
| 952 | |0 0 |1 0 |4 0 |6 658_151000000000000_BER_2008 |7 0 |8 A |9 417706 |a BIBING |b BIBING |d 2019-11-22 |i 4709314 |o 658.151 BER 2008 |p 4709314 |r 2025-01-20 |w 2019-11-22 |y BK |k EII | ||
| 952 | |0 0 |1 0 |4 0 |6 658_151000000000000_BER_2008 |7 0 |8 A |9 417707 |a BIBING |b BIBING |d 2019-11-22 |i 4709322 |o 658.151 BER 2008 |p 4709322 |r 2025-01-20 |w 2019-11-22 |y BK |k EII | ||
| 952 | |0 0 |1 0 |3 erb |4 0 |6 658_151000000000000_BER_2008 |7 0 |8 A |9 417708 |a BIBING |b BIBING |i 5112613 |o 658.151 BER 2008 |p 5112613 |r 2025-01-20 |w 2019-11-22 |y BK |z Catalogado en:20140905 |k EII | ||
| 952 | |0 0 |1 0 |3 erb |4 0 |6 658_151000000000000_BER_2008 |7 0 |8 A |9 417709 |a BIBING |b BIBING |i 5112621 |o 658.151 BER 2008 |p 5112621 |r 2025-01-20 |w 2019-11-22 |y BK |z Catalogado en:20140905 |k EII | ||
| 952 | |0 0 |1 0 |3 erb |4 0 |6 658_151000000000000_BER_2008 |7 0 |8 A |9 417710 |a BIBING |b BIBING |i 511263K |o 658.151 BER 2008 |p 511263K |r 2025-01-20 |w 2019-11-22 |y BK |z Catalogado en:20140905 |k EII | ||
| 952 | |0 0 |1 0 |3 erb |4 0 |6 658_151000000000000_BER_2008 |7 0 |8 A |9 417711 |a BIBING |b BIBING |i 5112648 |o 658.151 BER 2008 |p 5112648 |r 2025-01-20 |w 2019-11-22 |y BK |z Catalogado en:20140905 |k EII | ||